000 00315nam a22001337a 4500
008 170630b xxu||||| |||| 00| 0 eng d
020 _a9780312480424
041 _aeng
080 _a82
100 _a22
101 _agjl
245 _aways of reading resources for teaching
_cbartholomae.d
942 _2udc
_cBK
999 _c19718
_d19718